| 000 | 00706nam a22002297a 4500 | ||
|---|---|---|---|
| 003 | DO-SdBNP | ||
| 005 | 20221125075703.0 | ||
| 008 | 161031b 1972 at c 00| 0 spa d | ||
| 040 |
_aBPMSU _bspa _cBPMSU |
||
| 041 | 0 | _aeng | |
| 082 | 4 |
_a928.22 _bS527B 1972 _222 |
|
| 100 | 1 |
_aBurgess, Anthony, _d1917-1993. |
|
| 245 | 1 | 0 |
_aShakespeare / _cAnthony Burgess |
| 260 |
_aAustralia : _bPenguin books, _c1972. |
||
| 300 |
_a272 p. : _bil., retr ; _c27 cm. |
||
| 490 | 0 |
_aArte-Colección, _v99 |
|
| 500 | _3Incluye bibliografía e índice. | ||
| 590 | _6Inventariado, 2022/VM | ||
| 600 | 1 | 4 |
_aShakespeare, William _d1564-1616. _xCrítica e interpretación. |
| 910 | _aVMateo V./Validado | ||
| 942 |
_2ddc _cBK |
||
| 999 |
_c13012 _d13012 |
||